Presupuestos, costos y decisiones de empresas agropecuarias /
Guardado en:
| Autor Principal: | |
|---|---|
| Formato: | Libro |
| Idioma: | Spanish |
| Publicado: |
Buenos Aires ... [etc.] :
Macchi,
c1999.
|
| Etiquetas: |
Agregar Etiqueta
Sin Etiquetas, Sea el primero en etiquetar este registro!
|
| LEADER | 00495nam a22001455a 4500 | ||
|---|---|---|---|
| 001 | EEA.libagro007484 | ||
| 005 | 20180514124534.0 | ||
| 008 | 130809s1999####ag#a##########000#0#spa#d | ||
| 020 | |a 9505374364 | ||
| 082 | 0 | 4 | |a 338.13 |
| 100 | 1 | |a Arce, Hugo Santiago. | |
| 245 | 1 | 0 | |a Presupuestos, costos y decisiones de empresas agropecuarias / |c Hugo Santiago Arce. |
| 260 | |a Buenos Aires ... [etc.] : |b Macchi, |c c1999. | ||
| 300 | |a xxii, 324 p. : |b il. ; |c 23 cm. | ||
| 859 | |a AR-BbBCA |b BIB. AGRONOMIA |h 338.13 |i A668 |p 2005/4855 | ||
